Normal view
MARC view
- Klejn, Leo Samuilovich,
Entry Nombre Personal
001 - NUMERO DE CONTROL
- campo de control: 30151
003 - IDENTIFICADOR DE NUMERO DE CONTROL
- campo de control: UPN
005 - FECHA Y HORA DE LA ÜLTIMA TRANSACCIÓN
- campo de control: 20210219194411.0
008 - DATOS DE LONGITUD FIJA
- campo de control de longitud fija: nabaccnnaabn|||||||||| b |nc|||||d
035 ## - NUMERO DE CONTROL
- Número de control: UPN11000002257
040 ## - FUENTE DE CATALOGACIÓN
- Lenguaje de catalogación: SPA
- Agencia de transcripción: UPN
100 1# - ENCABEZAMIENTO - NOMBRE PERSONAL
- Nombre personal: Klejn, Leo Samuilovich,
- Fechas asociadas con el nombre: 1927-
670 ## - FUENTE EN LA QUE SE LOCALIZARON DATOS
- Cita de la fuente: T
- Uniform Resource Identifier: http://www.bookrags.com/tandf/klejn-leo-s-tf/
902 ## - CATALOGADOR
- Catalogador: CAA/080610
